000 00514nam a2200193Ia 4500
005 20250109033826.0
008 240331s9999 xx 000 0 und d
020 _a0046100180
082 _bTER
_22049
_a305.3
245 0 _aFeminine, Masculine and Representation
260 _aSydney;
_aLondon;
_aWellington
_bAllen & Unwin
_c1990
300 _axiii, 306 p.,
650 _aFeminine
650 _aMasculinity
650 _aGender
700 _aThreadgold, T
_eedt
700 _aCranny-Francis, A
_eedt
942 _cL
999 _c1566
_d1566